Le maintien de la paix : L'ONU en action (notice n° 2198662)
[ vue normale ]
| 000 -LEADER | |
|---|---|
| fixed length control field | 01470cam a2200133 4500500 |
| 005 - DATE AND TIME OF LATEST TRANSACTION | |
| control field | 20260405085557.0 |
| 041 ## - LANGUAGE CODE | |
| Language code of text/sound track or separate title | fre |
| 042 ## - AUTHENTICATION CODE | |
| Authentication code | dc |
| 100 10 - MAIN ENTRY--PERSONAL NAME | |
| Personal name | Hatto, Ronald |
| Relator term | author |
| 245 00 - TITLE STATEMENT | |
| Title | Le maintien de la paix : L'ONU en action |
| 260 ## - PUBLICATION, DISTRIBUTION, ETC. | |
| Name of publisher, distributor, etc. | Armand Colin,<br/> |
| Date of publication, distribution, etc. | 2015.<br/> |
| 520 ## - SUMMARY, ETC. | |
| Summary, etc. | Le maintien de la paix, inventé par l’ONU des Nations unies pour répondre à la crise de Suez en 1956, est né dans l’improvisation et n’a cessé de se développer jusqu’à devenir un outil incontournable de gestion des conflits.Pendant la Guerre froide, l’ONU a été sollicitée à plusieurs reprises pour tenter de résoudre des conflits qui auraient pu conduire les deux superpuissances à s’affronter directement. À partir de 1989, les casques bleus ont été déployés dans un grand nombre de pays pour accomplir des tâches toujours plus ambitieuses. L’ONU reste pourtant soumise à la volonté de ses États membres qui financent ses activités et fournissent le personnel civil et militaire nécessaire à la conduite des opérations.Cet ouvrage contribue à une meilleure connaissance du maintien de la paix. L’analyse proposée, retrace ses origines après 1945 et vise à démontrer son utilité comme mécanisme de gestion des conflits armés, malgré les nombreuses limitations que lui impose la politique internationale. |
| 856 41 - ELECTRONIC LOCATION AND ACCESS | |
| Uniform Resource Identifier | <a href="https://shs.cairn.info/maintien-de-la-paix--9782200291495?lang=fr&redirect-ssocas=7080">https://shs.cairn.info/maintien-de-la-paix--9782200291495?lang=fr&redirect-ssocas=7080</a> |
Pas d'exemplaire disponible.




Réseaux sociaux